000
00214nam a2200097Ia 4500
008
190216s9999||||xx |||||||||||||| ||und||
100
_a
Vinayagam M N
245
0
_a
Management Accounting
260
_b
Null
942
_c
BK
999
_c
5377
_d
5377